000 00363nam a22001577a 4500
999 _c10567
_d10567
003 OSt
008 210318b ||||| |||| 00| 0 eng d
020 _a9789353160210
100 _aARYASRI,AR
245 _aManagerial Economics and Financial Analysis
250 _a2nd
260 _aNew Delhi
_bTMH
_c2018
300 _a357
650 _aMBA
942 _2ddc
_cBK